Catalog

Record Details

Catalog Search



Beethoven. II, Velká tvůrčí období, Zpěv vzkříšení, Slavnostní mše a poslední sonáty  Cover Image Book Book

Beethoven. II, Velká tvůrčí období, Zpěv vzkříšení, Slavnostní mše a poslední sonáty / Romain Rolland ; [Z franc. orig. Les grandes époques créatrices - Le chant de la résurrection přel. a hud. ukázky Oto Albert Tichý ; Předml. a pozn.: Václav Holzknecht

Summary:

Obsáhlý druhý svazek monografie věnované životu a dílu velkého německého hudebního skladatele zachycuje druhý kulminační bod Beethovenovy tvorby, tvůrčí období let 1816-1823. Autor sleduje tragické události Beethovenova života vtěchto letech a nazývá je "obdobím velké krize". Svým mistrným a zasvěceným způsobem probírá pak Rolland Beethovenova díla vzniklá v tomto období - od Slavnostní mše až po poslední sonáty.

Record details

  • Physical Description: 417 s. : portréty, noty ; 21 cm
  • Edition: 1. vyd.
  • Publisher: Praha : Státní nakladatelství krásné literatury, hudby a umění, 1958

Content descriptions

General Note:
Seznam skladeb
10000 výt.
Bibliogr.

Available copies

  • 1 of 1 copy available at Common Catalog SPOK.

Holds

  • 0 current holds with 1 total copy.
Show Only Available Copies
Location Call Number / Copy Notes Barcode Shelving Location Status Due Date
KDS Library 929 RoR 204576803541 Library Available -

LDR 01904nam a2200361 4500
00122915
003CZ-PrJAB
00520150803125642.0
007ta
008980515s1958 xr cze
015 . ‡acnb000446538
020 . ‡q(Váz.)
035 . ‡a(CZ PrNK)bk195803083
035 . ‡a(OCoLC)85195531
040 . ‡aABA001 ‡bcze ‡cKLG001 ‡dABA001
0411 . ‡acze ‡hfre
1001 . ‡aRolland, Romain, ‡d1866-1944 ‡7jn19990007118 ‡4aut
24510. ‡aBeethoven. ‡nII, ‡pVelká tvůrčí období, Zpěv vzkříšení, Slavnostní mše a poslední sonáty / ‡cRomain Rolland ; [Z franc. orig. Les grandes époques créatrices - Le chant de la résurrection přel. a hud. ukázky Oto Albert Tichý ; Předml. a pozn.: Václav Holzknecht
24630. ‡aVelká tvůrčí období, zpěv vzkříšení, slavnostní mše a poslední sonáty
24630. ‡aZpěv vzkříšení
250 . ‡a1. vyd.
260 . ‡aPraha : ‡bStátní nakladatelství krásné literatury, hudby a umění, ‡c1958 ‡f(Orbis 3)
300 . ‡a417 s. : ‡bportréty, noty ; ‡c21 cm
4901 . ‡aKnihovna klasiků
4901 . ‡aMusikologické spisy Romaina Rollanda ; ‡vsv. 5
500 . ‡aSeznam skladeb
500 . ‡a10000 výt.
500 . ‡aBibliogr.
520 . ‡aObsáhlý druhý svazek monografie věnované životu a dílu velkého německého hudebního skladatele zachycuje druhý kulminační bod Beethovenovy tvorby, tvůrčí období let 1816-1823. Autor sleduje tragické události Beethovenova života vtěchto letech a nazývá je "obdobím velké krize". Svým mistrným a zasvěceným způsobem probírá pak Rolland Beethovenova díla vzniklá v tomto období - od Slavnostní mše až po poslední sonáty.
830 0. ‡aKnihovna klasiků (SNKLHU)
8001 . ‡aRolland, Romain, ‡d1866-1944. ‡tMusikologické spisy
910 . ‡aABE463
964 . ‡aBeethoven, Ludwig van (1770-1827 skladatel něm.) - život a dílo - studie
998 . ‡a000446538
901 . ‡a22915 ‡b ‡c22915 ‡tbiblio

Additional Resources